| 000 -LEADER |
| fixed length control field |
01576nam a2200265Ia 4500 |
| 001 - CONTROL NUMBER |
| control field |
16320 |
| 003 - CONTROL NUMBER IDENTIFIER |
| control field |
GE_BSU |
| 008 - FIXED-LENGTH DATA ELEMENTS--GENERAL INFORMATION |
| fixed length control field |
181216s||||||||xx |||||||||||||| ||und|| |
| 020 ## - INTERNATIONAL STANDARD BOOK NUMBER |
| International Standard Book Number |
9994046896 |
| 040 ## - CATALOGING SOURCE |
| Transcribing agency |
GE_BSU |
| 080 ## - UNIVERSAL DECIMAL CLASSIFICATION NUMBER |
| Universal Decimal Classification number |
343(479.22)(075.8) |
| 100 ## - MAIN ENTRY--PERSONAL NAME |
| Personal name |
ავტ.: მზია ლეკვეიშვილი, გოჩა მამულაშვილი, ნინო გვენეტაძე [და სხვ]. |
| 245 ## - TITLE STATEMENT |
| Title |
სისხლის სამართლის კერძო ნაწილი.წ.2 |
| 245 ## - TITLE STATEMENT |
| Remainder of title |
სახელმძღვ. |
| 245 ## - TITLE STATEMENT |
| Statement of responsibility, etc. |
რედ:გ.მამულაშვილი |
| 260 ## - PUBLICATION, DISTRIBUTION, ETC. |
| Place of publication, distribution, etc. |
თბილისი |
| 260 ## - PUBLICATION, DISTRIBUTION, ETC. |
| Name of publisher, distributor, etc. |
მერიდიანი |
| 260 ## - PUBLICATION, DISTRIBUTION, ETC. |
| Date of publication, distribution, etc. |
2007 |
| 300 ## - PHYSICAL DESCRIPTION |
| Extent |
416გვ;20სმ. |
| 520 ## - SUMMARY, ETC. |
| Summary, etc. |
სახელმძღვანელო იბეჭდება თბილისის სახელმწიფო უნივერსიტეტის იურიდიული ფაკ-ტის სისხლის სამართლისა და კრიმინოლოგიის საპროფესოროს გადაწყვეტილებით.(ცვლილებებით2007წლის აპრილის მდგომარეობით) |
| 653 ## - INDEX TERM--UNCONTROLLED |
| Uncontrolled term |
სამართალი |
| 653 ## - INDEX TERM--UNCONTROLLED |
| Uncontrolled term |
სისხლის სამართალი - სახელმძღვანელოები უმაღლესი სასწავლებლისათვის; |
| 942 ## - ADDED ENTRY ELEMENTS (KOHA) |
| Koha item type |
წიგნი |